| 000 | 01353nam0a2200337 4500 | ||
|---|---|---|---|
| 001 | RU\NLR\BIBL_A\022192353 | ||
| 005 | 20260607073400.0 | ||
| 010 | _a978-5-91763-618-4 | ||
| 035 | _a(NLR Aleph) 022192353 | ||
| 090 |
_a13016939 _c13016939 |
||
| 100 | _a20240409d2024 |||y0rusy50 ca | ||
| 101 | 0 | _arus | |
| 102 | _aRU | ||
| 105 | _ay z 000zb | ||
| 181 | 0 |
_ai3 _baxxe |
|
| 182 | 0 | _an | |
| 200 | 1 |
_aПоследнее средневековье Райнера Рильке _eбиография _fНиколай Болдырев |
|
| 203 |
_aТекст _bвизуальный _cнепосредственный |
||
| 210 |
_aМосква _cВодолей _d2024 |
||
| 215 |
_a583 с. _d22 |
||
| 320 | _aБиблиогр. в подстроч. примеч. | ||
| 333 | _a18+ | ||
| 600 | 1 |
_aРильке _bР.М. _f1875 - 1926 _gРайнер Мария _xБиография _91535863 _3RU\NLR\AUTH\66970505 |
|
| 686 | 1 | _aШ5(4А)53-4Рильке2 | |
| 700 | 1 |
_7ca _8rus _aБолдырев _bН. Ф. _cпоэт, прозаик _f1947- _gНиколай Федорович _950384 _3RU\NLR\AUTH\7767456 |
|
| 702 | 1 |
_4280 _8rus _7ca _aРильке _bР. М. _f1875-1926 _gРайнер Мария _3RU\NLR\AUTH\775181 _9115149 |
|
| 942 | _cBOOK | ||
| 980 | _aNB | ||